La experiencia filosófica de la India
Zapisane w:
| 1. autor: | |
|---|---|
| Format: | Książka |
| Język: | hiszpański |
| Wydane: |
Madrid
Trotta
2000
|
| Wydanie: | 2a. ed |
| Seria: | Colección Paradigmas. Biblioteca de Ciencias de las Religiones, 16
|
| Hasła przedmiotowe: | |
| Etykiety: |
Dodaj etykietę
Nie ma etykietki, Dołącz pierwszą etykiete!
|
MARC
| LEADER | 00000cam a2200000 a 4500 | ||
|---|---|---|---|
| 001 | UCN9968 | ||
| 003 | CL-VaPUC | ||
| 008 | 011221e20000000SP |||||||||||||||||spa|d | ||
| 020 | |a 848164143X | ||
| 082 | 0 | 4 | |a 181.4 |b PAN |2 21 |
| 100 | |a Panikkar, Raimon |q (Panikkar, Raimundo) |e autor |9 355650 | ||
| 245 | 1 | 3 | |a La experiencia filosófica de la India |
| 250 | |a 2a. ed | ||
| 300 | |a 191 p | ||
| 942 | |c BK | ||
| 945 | |d 20011221 00:00:00 |a crobeson | ||
| 260 | |a Madrid |b Trotta |c 2000 | ||
| 650 | 0 | |a Filosofía hindú |9 431231 | |
| 650 | 7 | |a RELIGION HINDU |2 CL-VaPUC |9 460106 | |
| 650 | 0 | |a Teología |9 258766 | |
| 650 | 0 | |a Filosofía oriental |9 319113 | |
| 583 | |a last modification |c 20150821 12:20:18 |k Rodrigo Vera | ||
| 490 | 0 | |a Colección Paradigmas. Biblioteca de Ciencias de las Religiones, 16 | |
| 999 | |c 299053 |d 299051 | ||
| 952 | |0 0 |1 0 |4 0 |6 181_400000000000000_PAN_2000 |7 0 |8 A |9 355181 |a BIBTEO |b BIBTEO |d 2019-11-21 |i 3785688 |o 181.4 PAN 2000 |p 3785688 |r 2025-01-17 |w 2019-11-21 |y BK |k ICR | ||
| 952 | |0 0 |1 0 |3 erb |4 0 |6 181_400000000000000_PAN_2000 |7 0 |8 A |9 355182 |a BIBTEO |b BIBTEO |i 5195071 |o 181.4 PAN 2000 |p 5195071 |r 2025-01-17 |w 2019-11-21 |y BK |z Catalogado en:20150827 |k ICR | ||
| 952 | |0 0 |1 0 |3 erb |4 0 |6 181_400000000000000_PAN_2000 |7 0 |8 A |9 355183 |a BIBTEO |b BIBTEO |i 5296307 |o 181.4 PAN 2000 |p 5296307 |r 2025-01-17 |w 2019-11-21 |y BK |z Catalogado en:20160708 |k ICR | ||
| 952 | |0 0 |1 0 |3 erb |4 0 |6 181_400000000000000_PAN_2000 |7 0 |8 A |9 355184 |a BIBTEO |b BIBTEO |i 5440378 |o 181.4 PAN 2000 |p 5440378 |r 2025-01-17 |w 2019-11-21 |y BK |z Catalogado en:20171201 |k ICR | ||